Management information systems / (Record no. 101919)

MARC details
000 -LEADER
fixed length control field 00999nam a2200241 4500
005 - DATE AND TIME OF LATEST TRANSACTION
control field 20170810160653.0
010 ## - LCCN (DPL NO)
LC control number 1617EN ENG-117002
020 ## - INTERNATIONAL STANDARD BOOK NUMBER
International Standard Book Number 9780198080992
Terms of availability 575.00
035 ## - SYSTEM CONTROL NUMBER
System control number B-651311-319
035 ## - SYSTEM CONTROL NUMBER
System control number EN100534
035 ## - SYSTEM CONTROL NUMBER
System control number B-667818
037 ## - SOURCE OF ACQUISITION
Source of stock number/acquisition Pragati
Stock number dpl
037 ## - SOURCE OF ACQUISITION
Source of stock number/acquisition DBAD/PUB
082 ## - DEWEY DECIMAL CLASSIFICATION NUMBER
Classification number 658.4038
100 ## - MAIN ENTRY--PERSONAL NAME
Personal name Joshi, Girdhar
245 ## - TITLE STATEMENT
Title Management information systems /
Statement of responsibility, etc by Girdhar Joshi
260 ## - PUBLICATION, DISTRIBUTION, ETC. (IMPRINT)
Date of publication, distribution, etc 2016 (rpt)
Place of publication, distribution, etc New Delhi
Name of publisher, distributor, etc Oxford University Press
270 ## - ADDRESS
Address YMCA Library Building, 1, Jai Singh Road,
City New Delhi
Postal code 110001.
300 ## - PHYSICAL DESCRIPTION
Dimensions 24cm(pbk)
Extent xx, 503 p.
Other physical details illus.
942 ## - ADDED ENTRY ELEMENTS (KOHA)
Item type English Books
Source of classification or shelving scheme Dewey Decimal Classification
Classification part 658.4038
Call number suffix JOS
Holdings
Withdrawn status Lost status Not for loan Collection code Home library Current library Date acquired Source of acquisition Cost, normal purchase price Full call number Barcode Copy number Cost, replacement price Koha item type
      Non-fiction Ashok Vihar Ashok Vihar 10/08/2017 BPPD/EN/2016-17/300/24.11.2016/IN339/02.12.2016/4.01.17 575.00 658.4038 JOS B-667818 1 575.00 English Books
      Non-fiction Bawana Bawana 07/02/2017 BPPD/EN/2016-17/300/24.11.2016/IN339/2.12.2016/4.1.2017 575.00 658.4038 JOS B-651318 1 575.00 English Books
      Non-fiction Central Library Central Library 07/02/2017 BPPD/EN/2016-17/300/24.11.2016/IN339/2.12.2016/4.1.2017 575.00 658.4038 JOS B-651311 1 575.00 English Books
      Non-fiction Janak Puri Janak Puri 07/02/2017 BPPD/EN/2016-17/300/24.11.2016/IN339/2.12.2016/4.1.2017 575.00 658.4038 JOS B-651314 1 575.00 English Books
      Non-fiction Karol Bagh Karol Bagh 07/02/2017 BPPD/EN/2016-17/300/24.11.2016/IN339/2.12.2016/4.1.2017 575.00 658.4038 JOS B-651316 1 575.00 English Books
      Non-fiction Narela Narela 07/02/2017 BPPD/EN/2016-17/300/24.11.2016/IN339/2.12.2016/4.1.2017 575.00 658.4038 JOS B-651317 1 575.00 English Books
      Non-fiction New Police Line New Police Line 07/02/2017 BPPD/EN/2016-17/300/24.11.2016/IN339/2.12.2016/4.1.2017 575.00 658.4038 JOS B-651312 1 575.00 English Books
      Non-fiction Patel Nagar Patel Nagar 03/01/2017 DBAD/PUB 575.00 658.4038 JOS EN-100534 1 575.00 English Books
      Non-fiction Patel Nagar Patel Nagar 07/02/2017 BPPD/EN/2016-17/300/24.11.2016/IN339/2.12.2016/4.1.2017 575.00 658.4038 JOS B-651313 1 575.00 English Books
      Non-fiction Sarojini Nagar Sarojini Nagar 07/02/2017 BPPD/EN/2016-17/300/24.11.2016/IN339/2.12.2016/4.1.2017 575.00 658.4038 JOS B-651315 1 575.00 English Books
      Non-fiction Shahdara Branch Shahdara Branch 07/02/2017 BPPD/EN/2016-17/300/24.11.2016/IN339/2.12.2016/4.1.2017 575.00 658.4038 JOS B-651319 1 575.00 English Books

© Delhi Public Library
Hit Counter
free hit counter